| 000 | 00687nam a2200229Ia 4500 | ||
|---|---|---|---|
| 003 | GCL | ||
| 008 | 140319s9999 xx 000 0 ara d | ||
| 040 |
_aGCL / _cGCL |
||
| 082 | 0 | 4 |
_a551.483 _bر ا |
| 100 | 1 | _aمصطفى الجبلى | |
| 245 | 1 | 0 |
_aازمة مياه النيل / _cمصطفى الجبلى |
| 700 | 1 | _aرشدى سعيد | |
| 700 | 1 | _aمحمد ابومندور | |
| 700 | 1 | _aعبدالله محمد ابراهيم | |
| 300 | _a123 ص | ||
| 490 |
_aالهيئة العامة للاستعلامات _v0 |
||
| 650 | 0 | 4 | _aنهر النيل |
| 650 | 0 | 4 | _aالانهار |
| 650 | 0 | 4 | _aالجفاف |
| 650 | 0 | 4 | _aنهر النيل - فيضانات |
| 942 |
_2ddc _cBK |
||
| 999 |
_c48029 _d48029 |
||